000 00269 a2200085 4500
020 _a9780727730336
100 _a R. N. Young and Hywel R. Thomas
245 _aGeoenvironmental Engineering: Geoenvironmental Impact Management
260 _b Institution of Civil Engineers
_c2001
999 _c13531
_d13531